Blood on the Clocktower characters without vowels #1 - Statistics

General Stats
  • This quiz has been taken 16 times
  • The average score is 12 of 15
Answer Stats
Hint Answer % Correct
fshrmn Fisherman
100%
t ldy Tea lady
100%
wdw Widow
100%
vl twn Evil Twin
91%
myr Mayor
91%
zlt Zealot
91%
j Ojo
82%
rcl Oracle
82%
px Pixie
82%
snt Saint
82%
mpth Empath
73%
gr Ogre
73%
crbt Acrobat
64%
crtr Courtier
45%
rt Riot
45%
No matching quizzes found
Score Distribution
Percent of People with Each Score
Percentile by Number Answered
Your Score History
You have not taken this quiz